Steaguri în stil moldovenesc - Statistics

General Stats
  • This quiz has been taken 14 times
  • The average score is 10 of 16
Answer Stats
Picture Answer % Correct
Egipt
89%
Polonia
89%
România
89%
Rusia
89%
Muntenegru
78%
Albania
67%
Germania
67%
Mexic
67%
Statele Unite
67%
Armenia
56%
Irak
56%
Zambia
56%
Cehia
44%
Siria
44%
Indonezia
33%
Yemen
33%
No matching quizzes found
Score Distribution
Percent of People with Each Score
Percentile by Number Answered
Your Score History
You have not taken this quiz